IFM Opac

Macroeconomics before keynes. (Record no. 13904)

MARC details
000 -LEADER
fixed length control field 00333nam a22001337a 4500
082 ## - DEWEY DECIMAL CLASSIFICATION NUMBER
Classification number 339.0903COC.
100 ## - MAIN ENTRY--PERSONAL NAME
Personal name Cochrane, J.L.
245 ## - TITLE STATEMENT
Title Macroeconomics before keynes.
260 ## - PUBLICATION, DISTRIBUTION, ETC.
Place of publication, distribution, etc. London.
Name of publisher, distributor, etc. Scott, Foresman and Company.
Date of publication, distribution, etc. 1970.
300 ## - PHYSICAL DESCRIPTION
Extent xi, 109p.
Other physical details 20cm.
500 ## - GENERAL NOTE
General note Includes index.
650 ## - SUBJECT ADDED ENTRY--TOPICAL TERM
Topical term or geographic name entry element Economics.
942 ## - ADDED ENTRY ELEMENTS (KOHA)
Koha item type Books
Holdings
Withdrawn status Lost status Damaged status Not for loan Home library Current library Shelving location Date acquired Total Checkouts Full call number Barcode Date last seen Price effective from Koha item type
Withdrawn       IFM Main Campus Library IFM Main Campus Library Archival Collection 11/12/2015   339.0903COC. 0000008352 11/12/2015 02/19/2022 Books